000 nam a22 a 4500
999 _c1978
_d1978
003 AKMAL
005 20170515161013.0
008 170512s2004 my | e l 000 0 eng d
040 _aAKMAL
082 0 4 _a382.70959 KDRM
_222
090 0 0 _a382.70959
_bKDRM
110 2 _aMalaysia
_9400
245 1 0 _aAkta Kastam 1967 : Perintah Duti Kastam ( Barang-Barang Berasal Dari Negeri-Negeri ASEAN) ( Tatanama Tarif Berharmonis ASEAN Dan Tarif Keutamaan Sama Rata ) 2004 [P.U.(A) 1/04] =
_bCustoms Act 1967 : Customs Duties (Goods of Asean Countries Origin) (Asean Harmonized Tariff Nomenclature and Common Effective Preferential Tariff) Order 2004 [P.U.(A) 1/04]
260 _aKuala Lumpur :
_bPercetakan Nasional Berhad ,
_c2004
300 _a877pages ;
_c25cm.
500 _aParallel text in Bahasa Malaysia and English
650 1 0 _aTariff
_xLaw and legislation
_zMalaysia
_920
650 2 0 _aSales tax
_xLaw and legislation
_zMalaysia
_9621
650 2 0 _aCustoms administration
_xLaw and legislation
_zMalaysia
_94085
942 _2ddc
_cBOOK
950 _lAKMAL